000 00312nam a2200133Ia 4500
008 231129s1967||||xx |||||||||||||| ||spa||
040 _bspa
082 _aR 658.850202 A284m
100 _aAguirre Mejia Saul
245 0 _aManual del vendedor moderno
260 _c1967
264 _aBedout
942 _2ddc
_cBKS
999 _c20507
_d20507